00948nam a22002657a 450000500170000001000130001702000220003003500130005203700160006504000120008108200170009310000260011024500920013626000450022827000480027330000220032149000510034350000510039465000230044565000190046870000270048794200260051499900190054095201230055920170124110041.0 aA-845970 c80.00a8170188911 aA-845970 bCen Lib/Ret aDPLbEN a882.08bMIS  aMishra, L.N. 9102034 aSri aurbindo's dramatic theoryand practice /cby L.N. Mishra ; edited by A. N. Dwivedi bB.R publishing corporation c1996aDelhi aA-6,Nimri Commercial Centre bDelhie110052 ax,244p.c19cm(Hb) aIndia writers series ; edited by A. N. Dwivedi aIncludes bibliographical references and index  a literature 96262 apoetry9102035 aDwivedi, A. N.9102036 2ddccENh882.08mMIS  c128549d128549 00104070aLbLd2015-07-02eCen Lib/Retg0.00l0o882.08 MISpA-845970r2015-07-02 00:00:00t1v0.00w2015-07-02yEN